000 00653nam a22001697a 4500
003 OSt
005 20260408123229.0
008 260408b |||||||| |||| 00| 0 eng d
040 _cMRSPTU
041 _aEnglish
100 _aSaris Garg, Supervisor: Dr. Kawaljit Singh Sandhu
245 _a To Study the Physiochemical, Fatty Acid Profile and Storage Stability of Sunflower Oil and Its Blend with Citrullus Colocynthis Oil in Different Ratio
260 _bDepartment of Food Science & Technology, MRSPTU, Bathinda
_c2021
650 _aFood Science and Technolgy
856 _uhttp://163.47.215.52:8080/jspui/handle/123456789/441
942 _2ddc
_cTH
_n0
999 _c11398
_d11398